|
|
|
|
| LEADER |
00804cam a2200205 7i4500 |
| 001 |
0000010595 |
| 005 |
20161013090000.0 |
| 020 |
|
|
|a 1405816481
|
| 090 |
0 |
0 |
|a JF
|b NEW 2005
|
| 100 |
1 |
|
|a Divakaruni, Chitra Banerjee
|
| 245 |
1 |
4 |
|a The conch bearer
|c Chitra Banerjee Divakaruni.
|
| 260 |
|
|
|a Harlow, Essex:
|b Pearson Longman,
|c 2005.
|
| 300 |
|
|
|a 250 p.;
|c 20 cm.
|
| 490 |
0 |
|
|a New Longman literature
|
| 500 |
|
|
|a Originally published: Brookfield, Conn. : Roaring Brook, 2003 ; Frome : Chicken House, 2004
|
| 650 |
0 |
0 |
|a Children's stories
|
| 650 |
0 |
0 |
|a English fiction
|
| 999 |
|
|
|a 0000029916
|b BOK
|c OPEN SHELF - CHILDREN
|e Ground Floor, Bestari Jaya
|
| 999 |
|
|
|a 0000029917
|b BOK
|c OPEN SHELF - CHILDREN
|e Ground Floor, Bestari Jaya
|
| 999 |
|
|
|a 0000029918
|b BOK
|c OPEN SHELF - CHILDREN
|e Ground Floor, Bestari Jaya
|